Every NHL Player in Season 2025-2026 - Statistics

General Stats
  • This quiz has been taken 10,080 times
    9,555 since last reset
  • The average score is 244 of 1123
Answer Stats
Team # Name Pos. % Correct
NJD 86 Jack Hughes C
87%
NJD 43 Luke Hughes D
87%
EDM 97 Connor McDavid C
86%
MIN 43 Quinn Hughes D
86%
VAN 43 Quinn Hughes D
86%
PIT 87 Sidney Crosby C
86%
SJS 2 Will Smith C
84%
COL 29 Nathan MacKinnon C
83%
SJS 71 Macklin Celebrini C
82%
DAL 34 Cameron Hughes C
81%
EDM 29 Leon Draisaitl C
81%
TOR 34 Auston Matthews C
80%
OTT 7 Brady Tkachuk L
79%
CHI 98 Connor Bedard C
79%
FLA 19 Matthew Tkachuk L
79%
PIT 71 Evgeni Malkin C
78%
COL 8 Cale Makar D
77%
WSH 8 Alex Ovechkin L
76%
CBJ 7 Brendan Smith D
76%
NSH 36 Cole Smith R
76%
VGK 22 Cole Smith R
76%
VGK 19 Reilly Smith R
76%
VGK 93 Mitch Marner R
75%
BUF 72 Tage Thompson C
75%
PIT 65 Erik Karlsson D
74%
CGY 24 Jake Bean D
73%
VAN 94 Linus Karlsson C
73%
MTL 14 Nick Suzuki C
73%
VGK 71 William Karlsson C
73%
COL 16 Taylor Makar L
72%
MIN 14 Joel Eriksson Ek C
71%
FLA 63 Brad Marchand L
70%
MTL 13 Cole Caufield R
70%
NYI 48 Matthew Schaefer D
70%
ANA 91 Leo Carlsson C
69%
WSH 48 Logan Thompson G
69%
BOS 88 David Pastrnak R
67%
VGK 79 Carter Hart G
66%
DAL 21 Jason Robertson L
66%
EDM 74 Stuart Skinner G
66%
PIT 74 Stuart Skinner G
66%
PHI 46 Trevor Zegras C
66%
BOS 1 Jeremy Swayman G
65%
MTL 48 Lane Hutson D
65%
SJS 53 Jeff Skinner L
64%
NYR 29 Matthew Robertson D
64%
TOR 89 Nicholas Robertson L
64%
WSH 44 Cole Hutson D
63%
STL 48 Hunter Skinner D
63%
MIN 97 Kirill Kaprizov L
63%
DET 88 Patrick Kane R
63%
VAN 91 Evander Kane L
62%
TBL 86 Nikita Kucherov R
62%
EDM 23 Quinn Hutson R
62%
BUF 26 Rasmus Dahlin D
62%
BOS 73 Charlie McAvoy D
61%
MTL 75 Jakub Dobes G
61%
DAL 14 Jamie Benn L
61%
CGY 4 Rasmus Andersson D
60%
VGK 4 Rasmus Andersson D
60%
CAR 20 Sebastian Aho C
60%
MTL 20 Juraj Slafkovsky L
59%
CAR 24 Seth Jarvis C
59%
VGK 9 Jack Eichel C
58%
PIT 58 Kristopher Letang D
58%
ANA 1 Lukas Dostal G
58%
MIN 12 Matthew Boldy L
58%
TOR 88 William Nylander R
58%
ANA 45 Beckett Sennecke R
57%
ANA 61 Cutter Gauthier L
57%
COL 7 Devon Toews D
57%
EDM 13 Mattias Janmark-Nylen C
57%
VAN 40 Elias Pettersson C
56%
VAN 25 Elias Pettersson D
56%
WSH 74 John Carlson D
56%
WPG 19 Jonathan Toews C
56%
DAL 96 Mikko Rantanen R
56%
LAK 11 Anze Kopitar C
55%
EDM 2 Evan Bouchard D
55%
MTL 17 Josh Anderson R
55%
COL 39 Mackenzie Blackwood G
55%
VAN 29 Marcus Pettersson D
55%
COL 88 Martin Necas C
55%
LAK 44 Michael Anderson D
55%
MIN 7 Brock Faber D
54%
COL 92 Gabriel Landeskog L
54%
MTL 93 Ivan Demidov R
54%
OTT 35 Linus Ullmark G
54%
MIN 17 Marcus Foligno L
54%
NYI 13 Mathew Barzal C
54%
CHI 17 Nick Foligno L
54%
MIN 71 Nick Foligno L
54%
COL 41 Scott Wedgewood G
54%
SJS 73 Tyler Toffoli C
54%
WPG 37 Connor Hellebuyck G
53%
NYR 8 J.T. Miller C
53%
CAR 19 K'Andre Miller D
53%
CGY 91 Nazem Kadri C
53%
COL 91 Nazem Kadri C
53%
EDM 35 Tristan Jarry G
53%
PIT 35 Tristan Jarry G
53%
WPG 6 Colin Miller D
52%
WPG 81 Kyle Connor L
52%
VGK 61 Mark Stone R
52%
NJD 13 Nico Hischier C
52%
BUF 34 Alex Lyon G
51%
TBL 88 Andrei Vasilevskiy G
51%
TOR 91 John Tavares C
51%
EDM 93 Ryan Nugent-Hopkins C
51%
SJS 72 William Eklund L
51%
LAK 10 Artemi Panarin L
50%
NYR 10 Artemi Panarin L
50%
EDM 25 Darnell Nurse D
50%
DAL 29 Jake Oettinger G
50%
FLA 72 Sergei Bobrovsky G
50%
NSH 91 Steven Stamkos C
50%
CAR 71 Taylor Hall L
50%
WSH 43 Tom Wilson R
50%
BUF 1 Ukko-Pekka Luukkonen G
50%
COL 84 Brent Burns D
49%
DET 71 Dylan Larkin C
49%
BOS 93 Fraser Minten C
49%
STL 50 Jordan Binnington G
48%
CBJ 91 Kent Johnson C
48%
UTA 92 Logan Cooley C
48%
ANA 7 Radko Gudas D
48%
BUF 33 Ryan Johnson D
48%
CBJ 8 Zach Werenski D
48%
BUF 89 Alex Tuch R
47%
TBL 38 Brandon Hagel L
47%
CGY 1 Devin Cooley G
47%
PHI 10 Garrett Wilson L
47%
MIN 30 Jesper Wallstedt G
47%
NYI 73 Victor Eklund R
47%
DAL 53 Wyatt Johnston C
47%
CAR 37 Andrei Svechnikov R
46%
COL 11 Brock Nelson C
46%
ANA 65 Jacob Trouba D
46%
SJS 6 Sam Dickinson D
46%
DAL 91 Tyler Seguin C
46%
CHI 91 Frank Nazar C
45%
BUF 22 Jack Quinn R
45%
STL 18 Robert Thomas C
45%
ANA 44 Ross Johnston L
45%
FLA 9 Sam Bennett C
45%
FLA 3 Seth Jones D
45%
OTT 18 Tim Stutzle C
45%
PIT 81 Benjamin Kindel C
44%
MIN 39 Ben Jones C
44%
PIT 82 Caleb Jones D
44%
ANA 2 Jackson LaCombe D
44%
CAR 22 Logan Stankoven C
44%
EDM 46 Max Jones L
44%
BOS 39 Morgan Geekie C
44%
DET 53 Moritz Seider D
44%
NSH 49 Reid Schaefer L
44%
NSH 90 Ryan O'Reilly C
44%
BUF 6 Zachary Benson L
44%
TBL 21 Brayden Point C
43%
UTA 9 Clayton Keller R
43%
FLA 29 Cole Reinhardt L
43%
VGK 23 Cole Reinhardt L
43%
NYI 30 Ilya Sorokin G
43%
CHI 16 Jason Dickinson C
43%
EDM 16 Jason Dickinson C
43%
CAR 11 Jordan Staal C
43%
TOR 60 Joseph Woll G
43%
WPG 55 Mark Scheifele C
43%
TOR 23 Matthew Knies L
43%
SJS 77 Michael Misa C
43%
DAL 4 Miro Heiskanen D
43%
SJS 30 Yaroslav Askarov G
43%
COL 27 Brett Kulak D
42%
EDM 27 Brett Kulak D
42%
PIT 77 Brett Kulak D
42%
ANA 20 Chris Kreider L
42%
TBL 14 Conor Geekie C
42%
NSH 9 Filip Forsberg L
42%
NYR 31 Igor Shesterkin G
42%
FLA 13 Sam Reinhart C
42%
ANA 19 Troy Terry R
42%
LAK 31 Anton Forsberg G
41%
WSH 17 Dylan Strome C
41%
LAK 55 Quinton Byfield R
41%
NSH 59 Roman Josi D
41%
ANA 16 Ryan Strome C
41%
CGY 22 Ryan Strome C
41%
TBL 77 Victor Hedman D
41%
NSH 44 Brady Martin C
40%
PIT 17 Bryan Rust R
40%
BOS 28 Elias Lindholm C
40%
CAR 31 Frederik Andersen G
40%
BOS 27 Hampus Lindholm D
40%
TBL 59 Jake Guentzel C
40%
MTL 77 Kirby Dach C
40%
BUF 25 Owen Power D
40%
WSH 9 Ryan Leonard R
40%
NYR 41 Spencer Martin G
40%
LAK 9 Adrian Kempe R
39%
CHI 34 Colton Dach C
39%
EDM 34 Colton Dach C
39%
PHI 80 Daniel Vladar G
39%
CGY 32 Dustin Wolf G
39%
PHI 39 Matvei Michkov R
39%
EDM 18 Zach Hyman L
39%
MTL 72 Arber Xhekaj D
38%
LAK 8 Drew Doughty D
38%
CAR 74 Jaccob Slavin D
38%
MTL 32 Jacob Fowler G
38%
BUF 91 Josh Doan R
38%
NSH 74 Juuse Saros G
38%
TOR 95 Oliver Ekman Larsson D
38%
CHI 30 Spencer Knight G
38%
PHI 11 Travis Konecny R
38%
DET 93 Alex DeBrincat R
37%
MTL 15 Alex Newhook C
37%
NYI 14 Bo Horvat C
37%
STL 17 Cam Fowler D
37%
MTL 63 Florian Xhekaj L
37%
OTT 85 Jake Sanderson D
37%
DET 43 John Leonard L
37%
CAR 23 Josiah Slavin L
37%
ANA 23 Mason McTavish C
37%
NYR 93 Mika Zibanejad C
37%
MTL 8 Mike Matheson D
37%
MTL 53 Noah Dobson D
37%
SJS 75 Ryan Reaves R
37%
NYI 10 Brayden Schenn C
36%
STL 10 Brayden Schenn C
36%
VAN 6 Brock Boeser R
36%
MIN 32 Filip Gustavsson G
36%
UTA 28 Ian Cole D
36%
NJD 63 Jesper Bratt L
36%
BUF 5 Luke Schenn D
36%
WPG 5 Luke Schenn D
36%
MIN 36 Mats Zuccarello R
36%
WSH 3 Matt Roy D
36%
CAR 6 Mike Reilly D
36%
COL 10 Nicolas Roy C
36%
TOR 55 Nicolas Roy C
36%
BOS 91 Nikita Zadorov D
36%
CHI 59 Tyler Bertuzzi L
36%
NYR 23 Adam Fox D
35%
PIT 37 Arturs Silovs G
35%
BUF 4 Bowen Byram D
35%
CAR 32 Brandon Bussi G
35%
OTT 28 Claude Giroux R
35%
NJD 7 Dougie Hamilton D
35%
CAR 53 Jackson Blake R
35%
NJD 25 Jacob Markstrom G
35%
MTL 89 Joshua Roy R
35%
EDM 42 Kasperi Kapanen R
35%
DET 23 Lucas Raymond L
35%
ANA 64 Mikael Granlund C
35%
MTL 91 Oliver Kapanen C
35%
DAL 24 Roope Hintz C
35%
DAL 55 Thomas Harley D
35%
FLA 5 Aaron Ekblad D
34%
CBJ 19 Adam Fantilli C
34%
COL 62 Artturi Lehkonen L
34%
CBJ 3 Charlie Coyle C
34%
EDM 39 Connor Ingram G
34%
TBL 43 Darren Raddysh D
34%
NYR 32 Jonathan Quick G
34%
MIN 90 Marcus Johansson L
34%
TOR 44 Morgan Rielly D
34%
BOS 18 Pavel Zacha C
34%
MTL 35 Samuel Montembeault G
34%
NYR 14 Taylor Raddysh R
34%
DET 20 Albert Johansson D
33%
NYI 27 Anders Lee L
33%
FLA 15 Anton Lundell C
33%
NJD 16 Connor Brown R
33%
PHI 9 Jamie Drysdale D
33%
MIN 46 Jared Spurgeon D
33%
TBL 31 Jonas Johansson G
33%
BUF 9 Josh Norris C
33%
DAL 95 Matt Duchene C
33%
EDM 14 Mattias Ekholm D
33%
TOR 11 Max Domi C
33%
UTA 98 Mikhail Sergachev D
33%
CAR 27 Nikolaj Ehlers L
33%
SJS 21 Alexander Wennberg C
32%
LAK 47 Andre Lee L
32%
TOR 41 Anthony Stolarz G
32%
NYR 94 Gabriel Perreault R
32%
MTL 71 Jake Evans C
32%
DET 36 John Gibson G
32%
PHI 74 Owen Tippett R
32%
NJD 28 Timo Meier R
32%
NYR 16 Vincent Trocheck C
32%
VGK 33 Adin Hill G
31%
NYR 13 Alexis Lafreniere L
31%
TBL 71 Anthony Cirelli C
31%
LAK 10 Corey Perry R
31%
TBL 10 Corey Perry R
31%
LAK 35 Darcy Kuemper G
31%
SJS 9 Dmitri Orlov D
31%
BOS 70 Joonas Korpisalo G
31%
SEA 7 Jordan Eberle R
31%
SJS 44 Kiefer Sherwood L
31%
VAN 44 Kiefer Sherwood L
31%
BUF 23 Mattias Samuelsson D
31%
PIT 67 Rickard Rakell R
31%
MIN 38 Ryan Hartman R
31%
SEA 41 Ryker Evans D
31%
VGK 48 Tomas Hertl C
31%
SEA 29 Vince Dunn D
31%
MTL 45 Alexandre Carrier D
30%
PIT 39 Anthony Mantha R
30%
MTL 11 Brendan Gallagher R
30%
SJS 51 Collin Graf R
30%
OTT 24 Dylan Cozens C
30%
SJS 3 John Klingberg D
30%
STL 25 Jordan Kyrou R
30%
WPG 64 Logan Stanley D
30%
WPG 64 Logan Stanley D
30%
SEA 10 Matty Beniers C
30%
DAL 10 Oskar Back C
30%
VGK 27 Shea Theodore D
30%
CAR 28 William Carrier L
30%
MIN 8 Zeev Buium D
30%
VAN 24 Zeev Buium D
30%
MTL 85 Alexandre Texier L
29%
STL 9 Alexandre Texier L
29%
UTA 11 Dylan Guenther R
29%
DAL 23 Esa Lindell D
29%
COL 42 Josh Manson D
29%
STL 4 Justin Holl D
29%
LAK 22 Kevin Fiala L
29%
DAL 57 Tyler Myers D
29%
VAN 57 Tyler Myers D
29%
MIN 91 Vladimir Tarasenko R
29%
NJD 45 Colton White D
28%
OTT 19 Drake Batherson R
28%
ANA 3 Ian Moore D
28%
LAK 53 Jared Wright F
28%
CGY 10 Jonathan Huberdeau L
28%
CHI 11 Oliver Moore C
28%
VGK 16 Pavel Dorofeyev R
28%
TOR 51 Philippe Myers D
28%
BUF 71 Ryan McLeod C
28%
SEA 51 Shane Wright C
28%
VAN Thatcher Demko G
28%
OTT 72 Thomas Chabot D
28%
PHI 6 Travis Sanheim D
28%
LAK 12 Trevor Moore L
28%
ANA 17 Alexander Killorn L
27%
SJS 33 Alex Nedeljkovic G
27%
SEA 74 Bobby McMann C
27%
TOR 74 Bobby McMann C
27%
DAL 1 Casey DeSmith G
27%
CGY 52 MacKenzie Weegar D
27%
UTA 52 MacKenzie Weegar D
27%
NYR 73 Matthew Rempe C
27%
ANA 51 Olen Zellweger D
27%
COL 17 Parker Kelly C
27%
COL 20 Ross Colton C
27%
COL 49 Samuel Girard D
27%
PIT 49 Samuel Girard D
27%
SEA 6 Adam Larsson D
26%
CHI 40 Arvid Soderblom G
26%
STL 55 Colton Parayko D
26%
NJD 91 Dawson Mercer C
26%
DET 85 Elmer Soderblom L
26%
PIT 25 Elmer Soderblom L
26%
NJD 34 Jake Allen G
26%
CBJ 73 Jet Greaves G
26%
CBJ 86 Kirill Marchenko R
26%
MTL 92 Patrik Laine L
26%
SEA 31 Philipp Grubauer G
26%
LAK 24 Phillip Danault C
26%
MTL 24 Phillip Danault C
26%
COL 13 Valeri Nichushkin R
26%
CBJ 38 Boone Jenner C
25%
LAK 92 Brandt Clarke D
25%
DET 39 Cameron Talbot G
25%
PHI 8 Cam York D
25%
CHI 5 Connor Murphy D
25%
EDM 5 Connor Murphy D
25%
COL 18 Jack Drury C
25%
EDM 96 Jake Walman D
25%
SEA 19 Jared McCann L
25%
BUF 17 Jason Zucker L
25%
MIN 25 Jonas Brodin D
25%
CAR 48 Jordan Martinook L
25%
WPG 44 Josh Morrissey D
25%
SJS 38 Mario Ferraro D
25%
EDM 22 Matthew Savoie C
25%
ANA 25 Ryan Poehling C
25%
PHI 14 Sean Couturier C
25%
OTT 12 Shane Pinto C
25%
CHI 86 Teuvo Teravainen C
25%
EDM 92 Vasili Podkolzin R
25%
MTL 76 Zachary Bolduc R
25%
PHI 20 Alex Bump L
24%
UTA 13 Brandon Tanev L
24%
TOR 8 Christopher Tanev D
24%
TOR 53 Easton Cowan R
24%
FLA 42 Gustav Forsling D
24%
VAN 74 Jake DeBrusk L
24%
UTA 77 John Peterka R
24%
NSH 81 Jonathan Marchessault R
24%
DET 72 Justin Faulk D
24%
STL 72 Justin Faulk D
24%
MTL 21 Kaiden Guhle D
24%
MIN 23 Marco Rossi C
24%
VAN 93 Marco Rossi C
24%
CGY 16 Morgan Frost C
24%
MTL 62 Owen Beck C
24%
ANA 98 Pavel Mintyukov D
24%
CAR 4 Shayne Gostisbehere D
24%
NJD 17 Simon Nemec D
24%
BOS 71 Viktor Arvidsson L
24%
VGK 40 Akira Schmid G
23%
WSH 21 Aliaksei Protas C
23%
CBJ 83 Conor Garland R
23%
VAN 8 Conor Garland R
23%
CBJ 90 Elvis Merzlikins G
23%
WSH 62 Ilya Protas C
23%
MIN 5 Jacob Middleton D
23%
TBL 90 J.J. Moser D
23%
SEA 35 Joey Daccord G
23%
UTA 70 Karel Vejmelka G
23%
COL 67 Keaton Middleton D
23%
BOS 6 Mason Lohrei D
23%
UTA 8 Nick Schmaltz C
23%
PHI 55 Rasmus Ristolainen D
23%
COL 70 Sam Malinski D
23%
ANA 33 Ville Husso G
23%
CAR 21 Alexander Nikishin D
22%
CHI 72 Alex Vlasic D
22%
OTT 2 Artem Zub D
22%
EDM 30 Calvin Pickard G
22%
FLA 23 Carter Verhaeghe C
22%
LAK 5 Cody Ceci D
22%
STL 81 Dylan Holloway L
22%
VAN 17 Filip Hronek D
22%
CAR 5 Jalen Chatfield D
22%
SEA 84 Kaapo Kakko R
22%
MIN 47 Michael McCarron C
22%
NSH 47 Michael McCarron C
22%
CGY 11 Mikael Backlund C
22%
VGK 15 Noah Hanifin D
22%
PHI 59 Oliver Bonk D
22%
WSH 38 Rasmus Sandin D
22%
CAR 26 Sean Walker D
22%
SJS 23 Barclay Goodrow C
21%
MIN 10 Bobby Brink R
21%
PHI 10 Bobby Brink R
21%
TOR 25 Brandon Carlo D
21%
WSH 6 Jakob Chychrun D
21%
BUF 12 Jordan Greenway L
21%
NSH 77 Luke Evangelista R
21%
STL 51 Matt Kessel D
21%
STL 26 Nathan Walker L
21%
OTT 21 Nick Cousins C
21%
PIT 28 Parker Wotherspoon D
21%
BUF 19 Peyton Krebs C
21%
CBJ 23 Sean Monahan C
21%
CGY 19 Zayne Parekh D
21%
CHI 55 Artyom Levshunov D
20%
SEA 8 Cale Fleury D
20%
WSH 79 Charlie Lindgren G
20%
TBL 17 Dominic James C
20%
VAN 18 Drew O'Connor L
20%
WPG 24 Haydn Fleury D
20%
SJS 92 Igor Chernyshov L
20%
VGK 49 Ivan Barbashev L
20%
ANA 28 Jeffrey Viel L
20%
BOS 48 Jeffrey Viel L
20%
BOS 48 Jeffrey Viel L
20%
CGY 86 Joel Farabee L
20%
BUF 94 Konsta Helenius C
20%
CHI 73 Lukas Reichel L
20%
VAN 73 Lukas Reichel L
20%
VAN 73 Lukas Reichel L
20%
CBJ 17 Mason Marchment L
20%
SEA 27 Mason Marchment L
20%
SEA 27 Mason Marchment L
20%
NSH 71 Matthew Wood R
20%
CBJ 11 Miles Wood L
20%
CAR 52 Pyotr Kochetkov G
20%
SEA 55 Ryan Lindgren D
20%
PIT 5 Ryan Shea D
20%
TBL 37 Yanni Gourde C
20%
DET 18 Andrew Copp C
19%
NSH 76 Brady Skjei D
19%
MIN 22 Danila Yurov R
19%
WPG 1 Eric Comrie G
19%
FLA 17 Evan Rodrigues C
19%
WPG 13 Gabriel Vilardi C
19%
CGY 7 Kevin Bahl D
19%
NJD 18 Ondrej Palat L
19%
NYI 81 Ondrej Palat L
19%
STL 89 Pavel Buchnevich L
19%
WSH 80 Pierre-Luc Dubois L
19%
OTT 71 Ridly Greig C
19%
LAK 79 Samuel Helenius C
19%
DET 77 Simon Edvinsson D
19%
NYI 77 Tony DeAngelo D
19%
CGY 28 Zach Whitecloud D
19%
VGK 2 Zach Whitecloud D
19%
SJS 81 Adam Gaudette R
18%
NYI 3 Adam Pelech D
18%
LAK 14 Alex Laferriere R
18%
CHI 28 Andre Burakovsky L
18%
CGY 20 Blake Coleman L
18%
SEA 62 Brandon Montour D
18%
VGK 3 Brayden McNabb D
18%
VGK 21 Brett Howden C
18%
PHI 52 Denver Barkey L
18%
OTT 20 Fabian Zetterlund L
18%
MTL 47 Jayden Struble D
18%
FLA 2 Jeff Petry D
18%
MIN 2 Jeff Petry D
18%
MTL 90 Joe Veleno C
18%
UTA 67 Lawson Crouse L
18%
TOR 63 Matias Maccelli L
18%
CGY 27 Matt Coronato R
18%
DAL 22 Mavrik Bourque C
18%
SJS 4 Nick Leddy D
18%
MIN 78 Nico Sturm C
18%
ANA 34 Petr Mrazek G
18%
CHI 8 Ryan Donato C
18%
NYI 6 Ryan Pulock D
18%
DAL 18 Sam Steel C
18%
PHI 33 Samuel Ersson G
18%
EDM 10 Trent Frederic C
18%
NYR 50 Will Cuylle L
18%
CBJ 59 Yegor Chinakhov R
18%
PIT 59 Yegor Chinakhov R
18%
PIT 85 Avery Hayes R
17%
NYR 4 Braden Schneider D
17%
BOS 11 Casey Mittelstadt C
17%
PHI 22 Christian Dvorak C
17%
WPG 91 Cole Perfetti C
17%
CBJ 4 Cole Sillinger C
17%
PIT 19 Connor Dewar C
17%
OTT 57 David Perron L
17%
CAR 50 Eric Robinson L
17%
ANA 77 Frank Vatrano R
17%
CBJ 9 Ivan Provorov D
17%
TOR 22 Jake McCabe D
17%
NYI 44 Jean-Gabriel Pageau C
17%
CAR 82 Jesperi Kotkaniemi C
17%
STL 21 Jimmy Snuggerud R
17%
STL 30 Joel Hofer G
17%
NYI 29 Jonathan Drouin L
17%
STL 92 Jonathan Drouin L
17%
STL 92 Jonathan Drouin L
17%
DET 37 JT Compher L
17%
PIT 13 Kevin Hayes R
17%
VAN 32 Kevin Lankinen G
17%
BUF 8 Michael Kesselring D
17%
TBL 20 Nick Paul L
17%
STL 6 Philip Broberg D
17%
LAK 21 Scott Laughton C
17%
TOR 24 Scott Laughton C
17%
SJS 85 Shakir Mukhamadullin D
17%
SJS 10 Ty Dellandrea C
17%
SJS 5 Vincent Desharnais D
17%
EDM 19 Adam Henrique C
16%
LAK 96 Andrei Kuzmenko L
16%
CHI 26 Andrew Mangiapane L
16%
EDM 88 Andrew Mangiapane L
16%
WSH 24 Connor McMichael C
16%
MIN 48 Daemon Hunt D
16%
TOR 81 Dakota Joshua C
16%
CGY 15 Dryden Hunt L
16%
EDM 53 Isaac Howard L
16%
OTT 47 James Reimer G
16%
OTT 10 Jordan Spence D
16%
LAK 17 Mathieu Joseph R
16%
STL 71 Mathieu Joseph R
16%
FLA 11 Matthew "Mackie" Samoskevich R
16%
FLA 77 Niko Mikkola D
16%
SJS 84 Pavol Regenda L
16%
VAN 7 Pierre-Olivier Joseph D
16%
TOR 2 Simon Benoit D
16%
MIN 13 Yakov Trenin C
16%
MIN 24 Zach Bogosian D
16%
FLA 10 A.J. Greer L
15%
NYI 11 Anthony Duclair L
15%
BUF 29 Beck Malenstyn L
15%
DET 8 Ben Chiarot D
15%
NJD 5 Brenden Dillon D
15%
NJD 22 Brett Pesce D
15%
CGY 47 Connor Zary C
15%
BUF 21 Conor Timmins D
15%
TOR 35 Dennis Hildeby G
15%
TBL 81 Erik Cernak D
15%
PHI 19 Garnet Hathaway R
15%
DET 21 James Van Riemsdyk L
15%
NJD 71 Jonas Siegenthaler D
15%
VGK 55 Keegan Kolesar R
15%
CHI 14 Kevin Korchinski D
15%
MIN 28 Liam Ohgren L
15%
VAN 92 Liam Ohgren L
15%
BOS 92 Marat Khusnutdinov C
15%
DET 92 Marco Kasper C
15%
CAR 77 Mark Jankowski L
15%
DAL 58 Michael Bunting L
15%
NSH 58 Michael Bunting L
15%
VGK 62 Nic Dowd C
15%
WSH 26 Nic Dowd C
15%
PHI 27 Noah Cates L
15%
TBL 22 Oliver Bjorkstrand R
15%
SJS 96 Philipp Kurashev C
15%
CHI 20 Ryan Greene C
15%
BOS 84 Tanner Jeannot L
15%
PIT 18 Thomas Novak C
15%
SJS 37 Timothy Liljegren D
15%
WSH 27 Timothy Liljegren D
15%
WSH 57 Trevor van Riemsdyk D
15%
WPG 17 Adam Lowry C
14%
BOS 26 Andrew Peeke D
14%
NJD 12 Cody Glass C
14%
BUF 92 Colten Ellis G
14%
NYI 33 David Rittich G
14%
FLA 27 Eetu Luostarinen C
14%
DET 58 Emmitt Finnie C
14%
DET 56 Erik Gustafsson D
14%
NSH 56 Erik Haula L
14%
SEA 89 Frederick Gaudreau C
14%
TBL 93 Gage Goncalves C
14%
STL 63 Jake Neighbours L
14%
COL 94 Joel Kiviranta L
14%
UTA 6 John Marino D
14%
CBJ 24 Mathieu Olivier R
14%
SEA 30 Matt Murray G
14%
UTA 88 Nate Schmidt D
14%
DAL 12 Radek Faksa C
14%
UTA 50 Sean Durzi D
14%
NYR 44 Vladislav Gavrikov D
14%
SJS 63 Zack Ostapchuk C
14%
SEA 9 Chandler Stephenson C
13%
FLA Daniil Tarasov G
13%
MTL 64 David Reinbacher D
13%
EDM 28 Jack Roslovic C
13%
PIT 16 Justin Brazeau R
13%
OTT 89 Lars Eller C
13%
BOS 47 Mark Kastelic C
13%
PIT 55 Noel Acciari C
13%
PIT 27 Ryan Graves D
13%
TBL 27 Ryan McDonagh D
13%
BUF 10 Sam Carrick C
13%
NYR 39 Sam Carrick C
13%
CHI 6 Sam Rinzel D
13%
BOS 52 Sean Kuraly C
13%
PHI 71 Tyson Foerster R
13%
PIT 75 Connor Clifton D
12%
CBJ 78 Damon Severson D
12%
WPG 2 Dylan DeMelo D
12%
NYI 51 Emil Heineman L
12%
CHI 95 Ilya Mikheyev R
12%
COL 82 Ivan Ivan C
12%
LAK 40 Joel Armia R
12%
WSH 34 Justin Sourdif R
12%
NSH 29 Justus Annunen G
12%
UTA 56 Kailer Yamamoto R
12%
PIT 24 Matt Dumba D
12%
DET 27 Michael Rasmussen C
12%
NJD 50 Nico Daws G
12%
PHI 44 Nicolas Deslauriers L
12%
BUF 86 Noah Ostlund C
12%
CGY 3 Olli Maatta D
12%
UTA 2 Olli Maatta D
12%
NJD 47 Paul Cotter L
12%
PIT 2 Rutger McGroarty R
12%
NYI 92 Simon Holmstrom R
12%
ANA 42 Tim Washe C
12%
EDM 51 Troy Stecher D
12%
TOR 28 Troy Stecher D
12%
EDM 49 Ty Emberson D
12%
NYR 6 Vincent Iorio D
12%
SJS 22 Vincent Iorio D
12%
NYI 34 Adam Boqvist D
11%
NYI 28 Alexander Romanov D
11%
BOS 21 Alex Steeves C
11%
LAK 15 Alex Turcotte C
11%
WSH 72 Anthony Beauvillier L
11%
TOR 19 Calle Jarnkrok C
11%
NYI 53 Casey Cizikas C
11%
TBL 51 Charle-Edouard D'Astous D
11%
SEA 20 Eeli Tolvanen R
11%
WSH 53 Ethen Frank C
11%
DAL 46 Ilya Lyubushkin D
11%
SEA 17 Jaden Schwartz L
11%
FLA 70 Jesper Boqvist C
11%
DAL 49 Justin Hryckowian C
11%
SJS 42 Luca Cagnoni D
11%
NSH 37 Nick Blankenburg D
11%
OTT 3 Nick Jensen D
11%
STL 22 Pius Suter C
11%
UTA 41 Vitek Vanecek G
11%
LAK 37 Warren Foegele L
11%
OTT 37 Warren Foegele L
11%
NJD 81 Arseny Gritsyuk R
10%
UTA 27 Barrett Hayton C
10%
PIT 46 Blake Lizotte C
10%
VGK 20 Brandon Saad L
10%
DAL 15 Colin Blackwell C
10%
EDM 20 Curtis Lazar C
10%
UTA 19 Daniil But L
10%
MIN 55 David Jiricek D
10%
PHI 5 David Jiricek D
10%
CBJ 5 Denton Mateychuk D
10%
CBJ 10 Dmitri Voronkov L
10%
BOS 20 Henri Jokiharju D
10%
SEA 24 Jamie Oleksiak D
10%
LAK 6 Joel Edmundson D
10%
BOS 45 Jonathan Aspirot D
10%
BOS 43 Jordan Harris D
10%
EDM 81 Joshua Samanski C
10%
NSH 20 Justin Barron D
10%
NJD 14 Luke Glendening C
10%
PHI 41 Luke Glendening C
10%
BOS 51 Matthew Poitras C
10%
OTT 22 Mike Amadio R
10%
WPG 36 Morgan Barron C
10%
WPG 4 Neal Pionk D
10%
PHI 24 Nick Seeler D
10%
WPG 62 Nino Niederreiter R
10%
NYI 24 Scott Mayfield D
10%
TOR 18 Steven Lorentz C
10%
OTT 43 Tyler Kleven D
10%
CGY 95 Victor Olofsson L
10%
COL 95 Victor Olofsson L
10%
CGY 17 Yegor Sharangovich C
10%
VAN 54 Aatu Raty C
9%
CGY 43 Adam Klapka R
9%
WPG 9 Alex Iafallo L
9%
DET 44 Axel Sandin-Pellika D
9%
TOR 29 Bo Groulx C
9%
WSH 22 Brandon Duhaime R
9%
LAK 2 Brian Dumoulin D
9%
NYI 4 Carson Soucy D
9%
NYR 24 Carson Soucy D
9%
VGK 10 Colton Sissons C
9%
STL 54 Dalibor Dvorsky R
9%
VAN 64 David Kampf C
9%
WSH 64 David Kampf C
9%
FLA 7 Dmitri Kulikov D
9%
CBJ 44 Erik Gudbranson D
9%
VAN 72 Filip Chytil C
9%
NJD 8 Johnathan Kovacevic D
9%
NYI 21 Kyle Palmieri C
9%
OTT 60 Lassi Thomson D
9%
SJS 93 Laurent Brossoit G
9%
UTA 38 Liam O'Brien C
9%
DAL 6 Lian Bichsel D
9%
CHI 46 Louis Crevier D
9%
DET 22 Mason Appleton C
9%
CHI 76 Nick Lardis R
9%
VAN 21 Nils Hoglander L
9%
NYR 42 Noah Laba C
9%
TBL 29 Pontus Holmberg R
9%
MTL 27 Sammy Blais L
9%
MTL 27 Sammy Blais L
9%
TOR 79 Sammy Blais L
9%
PIT 1 Sergei Murashov G
9%
VAN 5 Tom Willander D
9%
CHI 44 Wyatt Kaiser D
9%
TBL 28 Zemgus Girgensons C
9%
MTL 42 Adam Engstrom D
8%
UTA 15 Alex Kerfoot C
8%
NYI 64 Calum Ritchie C
8%
OTT 58 Carter Yakemchuk D
8%
CBJ 15 Dante Fabbro D
8%
CBJ 43 Danton Heinen L
8%
PIT 43 Danton Heinen L
8%
ANA 14 Drew Helleson D
8%
PHI 36 Emil Andrae D
8%
TBL 78 Emil Lilleberg D
8%
UTA 22 Jack McBain C
8%
BUF 20 Jiri Kulich C
8%
UTA 82 Kevin Stenlund C
8%
OTT 1 Leevi Merilainen G
8%
WSH 42 Martin Fehervary D
8%
BOS Michael DiPietro G
8%
BOS 80 Michael DiPietro G
8%
BOS 81 Michael Eyssimont C
8%
PHI 29 Nikita Grebenkin R
8%
VAN 60 Nikita Tolopilo G
8%
OTT 33 Nikolas Matinpalo D
8%
DAL 5 Nils Lundkvist D
8%
CGY 70 Ryan Lomberg L
8%
CHI 24 Sam Lafferty C
8%
NJD 24 Seamus Casey D
8%
CAR 76 Skyler Brind'Amour C
8%
WPG 70 Tanner Pearson L
8%
WPG 70 Tanner Pearson L
8%
VAN 53 Teddy Blueger C
8%
NYR 17 Will Borgen D
8%
DAL 25 Arttu Hyry R
7%
VGK 17 Ben Hutton D
7%
SEA 59 Ben Meyers C
7%
SEA 27 Berkly Catton C
7%
PHI 91 Carl Grundstrom R
7%
NYR 43 Conor Sheary L
7%
WPG 54 Dylan Samberg D
7%
NJD 33 Evgeny Dadonov L
7%
COL 54 Gavin Brindley C
7%
WPG 14 Gustav Nyquist R
7%
COL 28 Ilya Solovyov D
7%
PIT 7 Ilya Solovyov D
7%
BUF 63 Isak Rosen R
7%
WPG 27 Isak Rosen R
7%
PIT 3 Jack St. Ivany D
7%
BUF 78 Jacob Bryson D
7%
WPG 78 Jacob Bryson D
7%
WPG 78 Jacob Bryson D
7%
ANA 24 Jansen Harkins C
7%
MTL 49 Jared Davidson C
7%
STL 23 Logan Mailloux D
7%
CGY 76 Martin Pospisil C
7%
CGY 92 Matvei Gridin R
7%
VAN 63 Max Sasson C
7%
UTA 53 Michael Carcone L
7%
PHI 47 Noah Juulsen D
7%
FLA 25 Nolan Foote L
7%
STL 70 Oskar Sundqvist C
7%
MIN 21 Robby Fabbri C
7%
STL 9 Robby Fabbri C
7%
TBL 46 Scott Sabourin R
7%
NJD 11 Stefan Noesen R
7%
COL 50 Trent Miner G
7%
NYR 24 Tye Kartye L
7%
SEA 12 Tye Kartye L
7%
NSH 17 Tyson Jost C
7%
FLA 26 Uvis Balinskis D
7%
WPG 7 Vladislav Namestnikov C
7%
CGY 37 Yan Kuznetsov D
7%
BUF 73 Zach Metsa D
7%
DAL 73 Adam Erne L
6%
PHI 35 Aleksei Kolosov G
6%
DAL 28 Alexander Petrovic D
6%
VAN 13 Arshdeep Bains L
6%
TOR 30 Cayden Primeau G
6%
WSH 33 Clay Stevenson G
6%
TBL 42 Curtis Douglas C
6%
VAN 42 Curtis Douglas C
6%
CHI 33 Drew Commesso G
6%
NYR 33 Dylan Garand G
6%
NSH 40 Fedor Svechkov C
6%
WSH 29 Hendrix Lapierre C
6%
PHI 75 Hunter McDonald D
6%
NYI 36 Isaiah George D
6%
COL 15 Jack Ahcan D
6%
DET 25 Jacob Bernard-Docker D
6%
TOR 26 Jacob Quillan C
6%
VGK 5 Jeremy Lauzon D
6%
PHI 17 Jett Luchanko C
6%
CGY 44 Joel Hanley D
6%
BOS 19 John Beecher C
6%
CGY 18 John Beecher C
6%
BUF 44 Joshua Dunne C
6%
CHI 84 Landon Slaggert L
6%
TOR 33 Matt Benning D
6%
CHI 48 Matt Grzelcyk D
6%
NJD 42 Maxim Tsyplakov R
6%
NJD 42 Maxim Tsyplakov R
6%
NYI 7 Maxim Tsyplakov R
6%
DET 29 Nate Danielson C
6%
DAL 11 Nathan Bastian R
6%
NJD 72 Nick Bjugstad C
6%
STL 77 Nick Bjugstad C
6%
NSH 41 Nicolas Hague D
6%
LAK 29 Pheonix Copley G
6%
WSH 15 Sonny Milano L
6%
EDM 24 Spencer Stastney D
6%
NSH 24 Spencer Stastney D
6%
FLA 92 Tomas Nosek L
6%
DET 52 Travis Hamonic D
6%
STL 75 Tyler Tucker D
6%
ANA 60 Tyson Hinds D
6%
BUF 48 Tyson Kozak C
6%
VAN 90 Victor Mancini D
6%
PIT 41 Ville Koivunen R
6%
NYR 84 Adam Edstrom C
5%
NYR 38 Adam Sykora L
5%
VGK 26 Alexander Holtz R
5%
STL 13 Alexei Toropchenko R
5%
TOR 70 Artur Akhtyamov G
5%
WPG 93 Brad Lambert C
5%
CAR 29 Bradly Nadeau L
5%
CGY 94 Brayden Pachal D
5%
TOR 36 Dakota Mermis D
5%
UTA 26 Dmitry Simashev D
5%
UTA 26 Dmitry Simashev D
5%
CBJ 6 Egor Zamula D
5%
PHI 5 Egor Zamula D
5%
CHI 38 Ethan Del Mastro D
5%
FLA 12 Jonah Gadjovich L
5%
VAN 23 Jonathan Lekkerimaki R
5%
VGK 6 Kaedan Korczak D
5%
FLA 71 Luke Kunin C
5%
OTT 40 Mads Sogaard G
5%
DET 28 Michael Brandsegg-Nygard R
5%
TOR 61 Michael Pezzetta L
5%
STL 28 Otto Stenberg C
5%
NYR 60 Scott Morrow D
5%
LAK 52 Taylor Ward R
5%
NYR 18 Urho Vaakanainen D
5%
TOR 76 William Villeneuve D
5%
COL 93 Zakhar Bardakov C
5%
EDM 75 Alec Regula D
4%
VGK 42 Braeden Bowman R
4%
VAN 80 Braeden Cootes C
4%
NYR 78 Brennan Othmann L
4%
NYR 65 Brett Berard L
4%
CAR 62 Charles-Alexis Legault D
4%
WPG 45 Cole Koepke L
4%
FLA 79 Cole Schwindt R
4%
EDM 86 David Tomasek R
4%
TBL 67 Declan Carlile D
4%
OTT 6 Dennis Gilbert D
4%
VAN 27 Derek Forbort D
4%
DET 65 Dominik Shine R
4%
FLA 6 Donovan Sebrango D
4%
OTT 37 Donovan Sebrango D
4%
VGK 52 Dylan Coghlan D
4%
SJS 56 Ethan Cardwell R
4%
PIT 45 Harrison Brunicke D
4%
TOR 3 Henry Thrun D
4%
MIN 37 Hunter Haight C
4%
WPG 3 Isaak Phillips D
4%
CBJ 21 Isac Lundestrom C
4%
STL 37 Jack Finley C
4%
TBL 62 Jack Finley C
4%
PHI 78 Jacob Gaucher C
4%
PHI 78 Jacob Gaucher C
4%
TBL 11 Jakob Pelletier L
4%
SEA 38 Jani Nyman R
4%
NYR 49 Jaroslav Chmelar R
4%
LAK 39 Jeff Malott L
4%
CAR 64 Joel Nystrom D
4%
DET 48 Jonatan Berggren R
4%
STL 29 Jonatan Berggren R
4%
NYR 22 Jonny Brodzinski C
4%
BUF 15 Justin Danforth R
4%
LAK 34 Kenny Connors F
4%
OTT 23 Kurtis MacDermid L
4%
NYI 32 Kyle MacLean C
4%
NJD 29 Lenni Hameenaho R
4%
TOR 43 Luke Haymes C
4%
NYI 16 Marc Gatcomb C
4%
NYI 41 Marshall Warren D
4%
NYI 49 Maxim Shabanov R
4%
TBL 24 Maxwell Crozier D
4%
NSH 48 Nick Perbix D
4%
MIN 16 Nicolas Aube-Kubel R
4%
SEA 39 Niklas Kokko G
4%
CAR 15 Noah Philp C
4%
EDM 48 Noah Philp C
4%
NSH 89 Ozzy Wiesblatt C
4%
PIT 53 Philip Tomasino R
4%
PHI 18 Rodrigo Abols C
4%
SEA 26 Ryan Winterton C
4%
OTT 83 Stephen Halliday C
4%
VAN 39 Ty Mueller C
4%
BOS 29 Victor Soderstrom D
4%
WPG 34 Ville Heinola D
4%
FLA 24 Vinny Hinostroza C
4%
MIN 18 Vinny Hinostroza C
4%
NSH 68 Zachary L'Heureux L
4%
OTT 34 Arthur Kaliyev R
3%
PIT 14 Bokondji Imama L
3%
WPG 29 Brayden Yager C
3%
NYR 91 Brendan Brisson C
3%
MIN 71 Carson Lambos D
3%
EDM 64 Connor Clattenburg C
3%
CGY 62 Daniil Miromanov D
3%
MIN 82 David Spacek D
3%
WSH 47 Declan Chisholm D
3%
NJD 44 Dennis Cholowski D
3%
NYR 45 Drew Fortescue D
3%
WSH 52 Dylan McIlrath D
3%
PIT 11 Filip Hallander C
3%
CGY 48 Hunter Brzustewicz D
3%
OTT 31 Hunter Shepard G
3%
WSH 63 Ivan Miroshnichenko L
3%
CBJ 2 Jake Christiansen D
3%
VAN 30 Jiri Patera G
3%
NSH 25 Joakim Kemell R
3%
SEA 28 Josh Mahura D
3%
CGY 23 Justin Kirkland C
3%
NYR 71 Juuso Parssinen C
3%
DAL 20 Kyle Capobianco D
3%
DAL 20 Kyle Capobianco D
3%
CBJ 65 Luca Del Bel Belluz C
3%
NYI 50 Marcus Hogberg G
3%
TOR 83 Marshall Rifai D
3%
BOS 13 Matej Blumel R
3%
BOS 13 Matej Blumel R
3%
ANA 13 Nikita Nesterenko C
3%
VAN 88 Nils Aman C
3%
FLA 18 Noah Gregor L
3%
PIT 38 Owen Pickering D
3%
WPG 25 Parker Ford C
3%
SJS 54 Patrick Giles R
3%
PIT 48 Rafael Harvey-Pinard L
3%
EDM 61 Riley Stillman D
3%
TOR 77 Ryan Tverberg C
3%
NSH 85 Ryan Ufko D
3%
ANA 12 Sam Colangelo R
3%
CGY 29 Samuel Honzek L
3%
PIT 22 Samuel Poulin R
3%
FLA 95 Sandis Vilmanis L
3%
NYI 38 Travis Mitchell D
3%
MIN 19 Tyler Pitlick C
3%
MIN 6 Viking Gustavsson-Nyberg D
3%
CBJ 27 Zachary Aston-Reese C
3%
NJD 15 Zack MacEwen R
3%
CGY 52 Abram Wiebe D
2%
NSH 83 Adam Wilsby D
2%
COL 27 Alex Barre-Boulet C
2%
CGY 40 Arseni Sergeev G
2%
TBL 33 Brandon Halverson G
2%
TBL 33 Brandon Halverson G
2%
NJD 48 Brian Halonen L
2%
OTT 5 Cameron Crotty D
2%
VGK 30 Carl Lindbom G
2%
DET 34 Carter Mazur L
2%
NYR 12 Connor Mackey D
2%
CAR 89 Domenick Fensore D
2%
CHI 25 Dominic Toninato C
2%
TBL 53 Dylan Duke L
2%
WPG 57 Elias Salomonsson D
2%
CAR 36 Felix Unger-Sorum R
2%
BOS 42 Georgii Merkulov C
2%
BOS 42 Georgii Merkulov C
2%
OTT 42 Hayden Hodgson R
2%
OTT 42 Hayden Hodgson R
2%
SEA 63 Jacob Melanson R
2%
LAK 43 Jacob Moverare D
2%
PIT 57 Jake Livanavage D
2%
VGK 88 Jaycob Megna D
2%
SEA 15 John Hayden C
2%
PIT 15 Joona Koppanen L
2%
OTT 56 Jorian Donovan D
2%
NYR 37 Justin Dowling C
2%
CAR 46 Justin Robidas C
2%
UTA 25 Kevin Rooney C
2%
PHI 25 Lane Pederson C
2%
NYI 43 Liam Foudy C
2%
FLA 4 Marek Alscher D
2%
MIN 26 Matthew Kiersted D
2%
UTA 10 Maveric Lamoureux D
2%
BOS 79 Mike Callahan D
2%
BOS 79 Mike Callahan D
2%
TBL 41 Mitchell Chaffee R
2%
UTA 57 Nick Desimone D
2%
WPG 90 Nikita Chibrikov R
2%
VGK 36 Raphael Lavoie C
2%
BOS 10 Riley Tufte L
2%
EDM 15 Roby Jarventie L
2%
CGY 6 Rory Kerins C
2%
CGY 45 Sam Morton C
2%
WPG 32 Thomas Milic G
2%
COL 9 T.J. Tynan C
2%
FLA 22 Tobias Bjornfot D
2%
NJD 38 Topias Vilen D
2%
PIT 26 Tristan Broz C
2%
COL 57 Tristen Nielsen C
2%
BOS 74 Vladislav Kolyachonok D
2%
BOS 74 Vladislav Kolyachonok D
2%
DAL 44 Vladislav Kolyachonok D
2%
DAL 44 Vladislav Kolyachonok D
2%
ANA 32 Vyacheslav Buteyets G
2%
NJD 67 Xavier Parent C
2%
PHI 13 Adam Ginning D
1%
STL 65 Aleksanteri Kaskimaki C
1%
NSH 8 Andreas Englund D
1%
UTA 36 Andrew Agozzino L
1%
LAK 81 Angus Booth D
1%
NJD 36 Angus Crookshank C
1%
NJD 36 Angus Crookshank C
1%
NYR 25 Anton Blidh L
1%
WSH 87 Bogdan Trineyev R
1%
TBL 61 Boris Katchouk L
1%
CBJ 16 Brendan Gaunce C
1%
WSH 20 Brett Leason R
1%
NYI 4 Cole McWard D
1%
NSH 19 Cole O'Hara R
1%
WPG 53 Daniel Zhilkin C
1%
CBJ 37 Dysin Mayo D
1%
STL 56 Hugh McGing L
1%
FLA 38 Jack Devine R
1%
FLA 53 Jack Studnicka C
1%
COL 14 Jason Polin R
1%
VGK 46 Jonas Rondbjerg R
1%
NSH 82 Jordan Oesterle D
1%
VAN 14 Joseph LaBate C
1%
NJD 83 Juho Lammikko C
1%
VGK 77 Kai Uchacz C
1%
VAN 59 Kirill Kudryavtsev D
1%
CBJ 53 Luca Pinelli C
1%
FLA 54 Ludvig Jansson D
1%
VAN 20 Mackenzie MacEachern L
1%
NJD 21 Marc McLaughlin C
1%
BUF 55 Mason Geertsen L
1%
STL 39 Matt Luff R
1%
TBL 52 Maxim Groshev R
1%
CBJ 82 Mikael Pyyhtia L
1%
FLA 96 Mikulas Hovorka D
1%
NJD 37 Nathan Legare R
1%
OTT 15 Olle Lycksell R
1%
SEA 78 Oscar Fisker-Molgaard C
1%
CAR 91 Ronan Seeley D
1%
NJD 20 Shane LaChance L
1%
TBL 7 Simon Lundmark D
1%
TBL 16 Steven Santini D
1%
VGK 28 Tanner Laczynski C
1%
STL 41 Theo Lindstein D
1%
BUF 52 Trevor Kuntar C
1%
PHI 96 Ty Murchison D
1%
SEA 1 Victor Ostman G
1%
WPG 71 Walker Duehr R
1%
CGY 65 William Stromgren L
1%
FLA 32 Wilmer Skoog F
1%
OTT 53 Xavier Bourgault C
1%
No matching quizzes found
Score Distribution
Percent of People with Each Score
Percentile by Number Answered
Your Score History
You have not taken this quiz since the last reset